000 00655nam a2200217Ii 4500
003 JO-AjNU
008 230605s9999||||xx |||||||||||||| ||und||
017 _a2140/7/2007
040 _aJO-AjNU
_bara
_erda
_cJO-AjNU
041 _aara
050 1 4 _aPJ7852 2007
100 3 _aتأليف نواس، أمجد,
_eauthor
_949444
245 0 0 _aإبن عذراء يقتل أمه: رواية
250 _aط1
264 3 1 _aمركز فكرة الدولي،2007
300 _a248ص
336 _atext
_btxt
_2rdacontent
337 _aunmediated
_bn
_2rdamedia
338 _avolume
_bnc
_2rdacarrier
650 4 _aالأدب العربي - روايات
_949445
999 _aA21717
_c25285
_d25285